000 00589nam a2200217Ia 4500
003 OSt
005 20221002054719.0
006 a|||||r|||| 00| 0
007 ta
008 220930b |||||||| |||| 00| 0 eng d
024 _a70133
037 _cReference Collections
040 _aCRL
_cCRL
_beng
041 _2eng
_aeng
082 _aAwkN, L2
100 _aAsimov Issac Au.
_9576162
245 0 _aAsimov's biographical encyclopedia of science and technology
260 _c1972
942 _hAwkN, L2
_cref
_2CC
999 _c925658
_d925658